000 00291nam a22001337a 4500
008 170825b xxu||||| |||| 00| 0 eng d
020 _a012929869012009076919101
041 _aeng
080 _a070
100 _a39
101 _aMED
245 _aCOMMUNICATION
_cKUO,E.C
942 _2udc
_cBK
999 _c25067
_d25067